Voedsel van Europa - Sudden Death - Statistieken

Algemene statistieken
  • Deze quiz is 47 keer genomen
  • De gemiddelde score is 6 van 16
Answers on the Grid
Answers color-coded by a green-red scale on the quiz's grid according to % correct below.
Lasagne alla Bolognese
Potjiekos
Menudo
Hot chicken
Cassoulet
Fondue
Bruschetta
Paella
Mocotó
Borsjtsj
Dim sum
Tartiflette
Moules-frites
Brown stew chicken
Quesadilla
Pajeon
Tourtière
Bifana
Lakror
Goulash
Fårikål
Bryndzové halušky
Pavlova
Tajine
Griekse salade
Beef Wellington
Ndolé
Stamppot
 
Antwoordstatistieken
Antwoord % Correct
Stamppot
61%
Goulash
57%
Lasagne alla Bolognese
57%
Paella
57%
Fondue
52%
Griekse salade
52%
Bruschetta
48%
Beef Wellington
43%
Borsjtsj
39%
Moules-frites
35%
Tartiflette
26%
Bryndzové halušky
22%
Cassoulet
22%
Fårikål
13%
Lakror
4%
Bifana
0%
Geen overeenkomende quizzen gevonden
Scoreverdeling
Procent van Mensen met Elke Score
Percentiel versus Aantal Correcte Antwoorden
Uw Scoregeschiedenis
U heeft deze quiz nog niet genomen